书目信息 |
| 题名: |
结构力学Ⅰ基本教程同步辅导及习题全解
|
|
| 作者: | 黄淑森 主编 | |
| 分册: | ||
| 出版信息: | 北京 中国水利水电出版社 2009.07 |
|
| 页数: | 294页 | |
| 开本: | 23cm | |
| 丛书名: | 九章丛书 | |
| 单 册: | ||
| 中图分类: | O342 | |
| 科图分类: | ||
| 主题词: | 结构力学--高等学校--教学参考资料 | |
| 电子资源: | ||
| ISBN: | 978-7-5084-6649-1 | |
| 000 | 00944nam 2200265 450 | |
| 001 | 614200 | |
| 005 | 20100809093314.01 | |
| 010 | @a978-7-5084-6649-1@dCNY21.80 | |
| 100 | @a20100515d2009 em y0chiy50 ea | |
| 101 | 0 | @achi |
| 102 | @aCN@b110000 | |
| 105 | @aa z 000yy | |
| 200 | 1 | @a结构力学Ⅰ基本教程同步辅导及习题全解@Ajie gou li xue ji ben jiao cheng tong bu fu dao ji xi ti quan jie@f黄淑森主编 |
| 210 | @a北京@c中国水利水电出版社@d2009.07 | |
| 215 | @a294页@c图@d23cm | |
| 225 | 2 | @a九章丛书 |
| 300 | @a高校经典教材徒步辅导丛书 | |
| 308 | @a丛书主编:龙驭球,包世华 | |
| 330 | @a本书包括静定结构分析、超静定结构分析、矩阵位移法、动力计算方法等10章,每章由知识要点概述、知识点归纳、典型例题的解题技巧及课后习题详解等部分组成。 | |
| 410 | @12001 @a九章丛书 | |
| 606 | 0 | @a结构力学@x高等学校@j教学参考资料 |
| 690 | @aO342@v4 | |
| 701 | 0 | @a黄淑森@Ahuang shu shen@4主编 |
| 801 | @aCN@c20100515 | |
| 905 | @eH880:1@dO342@f5 | |
| 结构力学Ⅰ基本教程同步辅导及习题全解/黄淑森主编.-北京:中国水利水电出版社,2009.07 |
| 294页:图;23cm.-(九章丛书) |
| 高校经典教材徒步辅导丛书 |
| ISBN 978-7-5084-6649-1:CNY21.80 |
| 本书包括静定结构分析、超静定结构分析、矩阵位移法、动力计算方法等10章,每章由知识要点概述、知识点归纳、典型例题的解题技巧及课后习题详解等部分组成。 |
| ● |
| 相关链接 |
|
|
|
正题名:结构力学Ⅰ基本教程同步辅导及习题全解
索取号:O342/H880:1
 
预约/预借
| 序号 | 登录号 | 条形码 | 馆藏地/架位号 | 状态 | 备注 |
| 1 | 999839 | 209998396 | 自科二线504/504自科库 50排1列4层/ [索取号:O342/H880:1] | 在馆 | |
| 2 | 999840 | 209998403 | 自科库401/401自科库 52排3列3层/ [索取号:O342/H880:1] | 在馆 | |
| 3 | 999841 | 209998412 | 自科库401/ [索取号:O342/H880:1] | 在馆 | |
| 4 | 999842 | 209998421 | 自科库401/401自科库 52排3列3层/ [索取号:O342/H880:1] | 在馆 | |
| 5 | 999843 | 209998430 | 自科二线504/504自科库 20排2列3层/ [索取号:O342/H880:1] | 在馆 |